| Tag |
First Indicator |
Second Indicator |
Subfields |
| LEADER |
00000cam a2200000 4500 |
| 001 |
in00000052598 |
| 005 |
20151007072142.0 |
| 008 |
740207s1952 nyua 00000 eng u |
| 035 |
|
|
|a (OCoLC)00793201
|
| 035 |
|
|
|9 AAE7331AM
|
| 040 |
|
|
|c CWR
|d TXA
|d UtOrBLW
|
| 041 |
1 |
|
|a eng
|a fre
|
| 049 |
|
|
|a TXAM
|c 1 [226014]
|
| 090 |
|
|
|a QE522
|b .T385 1952
|
| 092 |
|
|
|a 551.21
|b T248c
|
| 100 |
1 |
|
|a Tazieff, Haroun,
|d 1914-1998.
|
| 245 |
1 |
0 |
|a Craters of fire /
|c translated from the French by Eithne Wilkins.
|
| 264 |
|
1 |
|a New York :
|b Harper,
|c [1952]
|
| 264 |
|
4 |
|c [©1952]
|
| 300 |
|
|
|a 239 pages :
|b illustrations ;
|c 22 cm.
|
| 336 |
|
|
|a text
|b txt
|2 rdacontent
|
| 337 |
|
|
|a unmediated
|b n
|2 rdamedia
|
| 338 |
|
|
|a volume
|b nc
|2 rdacarrier
|
| 650 |
|
0 |
|a Volcanoes.
|
| 999 |
|
|
|a MARS
|
| 999 |
f |
f |
|s b0c23957-cfe1-39d6-9b7e-adfa6ea3f98d
|i 1f108f1f-c1dd-3afa-b55e-4d4e7f41b08e
|t 0
|
| 952 |
f |
f |
|p ric
|a Texas A&M University
|b Rellis Campus
|c Joint Library Facility
|d Remote Storage
|t 0
|e QE522 .T385 1952
|h Library of Congress classification
|i unmediated -- volume
|m A14800950812
|
| 998 |
f |
f |
|a QE522 .T385 1952
|t 0
|l Remote Storage
|